000 01513nam a22003377a 4500
001 277
003 OSt
005 20250528074016.0
008 250314b |||||||e |||| 00| f eng d
040 _bpor
041 _hger
_apor
082 _a833
_bG611s
100 _aGoethe, Johann Wolfgang von
_d1749- 1832
240 _aDie Leiden des jungen Werthers
245 _aOs Sofrimentos do Jovem
_bWerther /
_cGoethe, Johann Wolfgang von ; Tradução de Galeão Coutinho
250 _a2
260 _aSão Paulo
_bAbril
_c1971
300 _a162 p.
490 1 _aOs Imortais da Literatura Universal
520 _aAdaptação em português do clássico da literatura alemã, com linguagem acessível para o público jovem. O jovem Werther muda-se para uma região campestre, onde conhece a jovem Charlotte, noiva de Albert, e por ela se vê perdidamente apaixonado. Tentando escapar ao fascínio que Charlotte exerce sobre ele, Werther muda de cidade, trabalhando como procurador. No entanto, ele acaba indispondo-se com seu chefe, um velho embaixador, e volta, então, para o campo. A paixão por Charlotte progride e termina de modo trágico.
650 0 _aLiteratura Alemã
_9365
650 0 _aHistórico
_953
650 0 _aClássicos
_977
650 0 _aPsicológico
_985
650 0 _aTragédia
_9511
655 0 _aRomance
_923
655 0 _aFicção
_922
700 1 _aCoutinho, Galeão,
_d1897-1951
_eTRADUTOR
_9513
830 _aOs Imortais da Literatura Universal
_9461
_vvol. 08
942 _2ddc
_n0
_cBK
999 _c277
_d277